New English Life: Upper- intermediate student's book

Salvato in:
Dettagli Bibliografici
Natura: Libro
Pubblicazione: 2001
Tags: Aggiungi Tag
Nessun Tag, puoi essere il primo ad aggiungerne! !
Thư viện lưu trữ: Mạng thư viện Đại học Đà Nẵng
LEADER 00461nam a22001811a 4500
001 000038211
003 14506
005 20160412021238.0
008 160412s2001 000
082 |a 4A(07)1823 
245 |a New English Life: Upper- intermediate student's book  |c Clive Oxenden 
260 |c 2001 
OWN |a LNN 
999 |a From the UDN01 
TYP |a Monograph 
980 |a Mạng thư viện Đại học Đà Nẵng